000 00622nam a2200229Ia 4500
003 OSt
005 20221006164040.0
006 a|||||r|||| 00| 0
007 ta
008 221006b |||||||| |||| 00| 0 eng d
024 _a3,449
037 _cTextual
040 _aFML
_cFML
_beng
041 _2eng
_aeng
082 _aR5, K81
100 _aWollheim Richard Au.
_9676504
245 0 _aArt and it's Objects
_b An Introduction to Aesthetics
260 _aNew York
_bHarper
_c1968
300 _a8, 152
_ccm.
942 _hR5, K81
_cTEXL
_2CC
999 _c1116075
_d1116075